Slovník české frazeologie a idiomatiky : Výrazy slovesné A - P

Guardado en:
Detalles Bibliográficos
Formato: Libro
Lenguaje:checo
Publicado: Praha : Academia, 1994
Etiquetas: Agregar Etiqueta
Sin Etiquetas, Sea el primero en etiquetar este registro!

MARC

LEADER 00000nam a22000003a 4500
001 stu23201
005 20150408181307.6
008 950509s1994----cs------------------cze-d
020 |a 80-200-0347-9 
040 |a STU  |b slo 
041 0 |a cze 
044 |a cs 
080 |a 808.50  |7 stu_us_auth*stu7061 
245 |a Slovník české frazeologie a idiomatiky :  |b Výrazy slovesné A - P 
260 |a Praha :  |b Academia,  |c 1994 
300 |a 757 s 
996 |b C93584  |c C*93584  |l CCI  |s A  |a 24  |w stu23201_0001